000 00481nam a22001817a 4500
999 _c525466
_d525466
003 NUST
038 _aArshad
082 _a891.4911
_bCHA
100 _aChandiw, Javed
_916360
245 _aDiwan Fred /
_cJaved Chandiw
260 _aBahawalpur :
_bSaraiki Adbi Majles,
_c1998.
300 _a655 p.:
500 _aHardcover.
650 _aPunjabi litrature
_916249
880 _6100-01\r
_aجاوید چانڈیو
880 _6245-02\r
_aدیوان فرید /
942 _2ddc
_cBK